| 000 | 00355nam a22001457a 4500 | ||
|---|---|---|---|
| 020 | _a978-01980-709-24 | ||
| 082 |
_a030 _bRAT/O |
||
| 100 | _aFIFTH EDITION | ||
| 245 | _aOXFORD CONCISE DICTIONARY OF QUOTATIONS | ||
| 250 | _aFIFTH EDITION | ||
| 260 |
_aDELHI _bOXFORD UNIVERSITY PRESS _c2006 |
||
| 300 | _a580 | ||
| 650 |
_aDICTIONARY _zINDIA |
||
| 942 | _cBK | ||
| 999 |
_c1716 _d1716 |
||